Visualizzazione normale
Vista MARC
- Logue Christopher
di Personal Name
Records bibliografici associati: 1
001 - CONTROL NUMBER
- control field: 1174
003 - CONTROL NUMBER IDENTIFIER
- control field: IT-RoPau
005 - DATE AND TIME OF LATEST TRANSACTION
- control field: 20131107152405.0
008 - FIXED-LENGTH DATA ELEMENTS
- fixed length control field: 131107|| aca||aabn | a|a d
040 ## - CATALOGING SOURCE
- Original cataloging agency: IT-RoPau
- Transcribing agency: IT-RoPau
100 ## - HEADING--PERSONAL NAME
- Personal name: Logue Christopher
- Miscellaneous information: Codice autore testo/musica SPICS: 18064
- Relator term: Autore testo/musica
- Name of part/section of a work: Be Not Too Hard
670 ## - SOURCE DATA FOUND
- Source citation: Work cat.: (IT-RoPau)103940: AA.VV. 794, Joan (Lp Sval 33.009)